LIBRARY & INFORMATION CENTRE, KCAET, TAVANUR

ONLINE PUBLIC ACCESS CATALOGUE (OPAC)

Development and evaluation of automated data acquisition NFT hydroponics system / (Record no. 18064)

MARC details
000 -LEADER
fixed length control field 00413nam a22001457a 4500
003 - CONTROL NUMBER IDENTIFIER
control field OSt
082 ## - DEWEY DECIMAL CLASSIFICATION NUMBER
Classification number 631.75807
Item number SHA/DE
088 ## - REPORT NUMBER
Report number T 597
100 ## - MAIN ENTRY--AUTHOR NAME
Personal name Shahala M
245 ## - TITLE STATEMENT
Title Development and evaluation of automated data acquisition NFT hydroponics system /
260 ## - PUBLICATION, DISTRIBUTION, ETC. (IMPRINT)
Name of publisher DEPARTMENT OF SOIL AND WATER CONSERVATION ENGINEERING
300 ## - PHYSICAL DESCRIPTION
Number of Pages 191p.
700 ## - ADDED ENTRY--PERSONAL NAME
Personal name Shyla Joseph (Guide)
942 ## - ADDED ENTRY ELEMENTS (KOHA)
Koha item type Theses
Holdings
Collection code Home library Current library Full call number Accession Number Koha item type Public note
Reference KAUAET KAUAET 631.75807 SHA/DE T 597 Theses M.Tech Thesis
free website counter